| 000 | 00909cam a2200253 4500 | ||
|---|---|---|---|
| 008 | 010928n2001 000 0 eng u | ||
| 020 | _a0117027065 | ||
| 035 | _a(Sirsi) u114913 | ||
| 050 | _a551.52 | ||
| 100 | _aCurran, S. | ||
| 245 | _aClimate change levy and your business | ||
| 260 |
_aLondon _bStationery Office _c2001 |
||
| 300 | _aviii, 106p. ; 24cm. | ||
| 350 | _a17.99 | ||
| 490 | _aStationery Office You Need This Book First Series | ||
| 520 | _aThe Climate Change Levy came into effect in April 2001 and will mean significant increases in energy bills for businesses. This book explains the background to the levy, the legislation and how to ensure business can minimise its effects. | ||
| 650 | _aCLIMATE CHANGE LEVY | ||
| 650 | _aPOLLUTION | ||
| 650 | _aGLOBAL WARMING | ||
| 650 | _aENERGY EFFICIENCY | ||
| 690 |
_aEnvironment _96238 |
||
| 700 | _aMcDonald, D. | ||
| 942 | _n0 | ||
| 999 |
_c101685 _d101685 |
||